[Event "EU-ch Hybrid U16"]
[Site "Tornelo INT"]
[Date "2021.10.15"]
[Round "1"]
[White "Matushchak, Nikita"]
[Black "Kristoferitsch, Daniel"]
[Result "0-1"]
[WhiteElo "1933"]
[BlackElo "2290"]
[PlyCount "90"]
[EventDate "2021.10.15"]
[EventType "swiss"]
[EventRounds "9"]
[EventCountry "NET"]
[SourceTitle "EXT 2023"]
[Source "ChessBase"]
[SourceDate "2022.10.05"]
[SourceVersion "1"]
[SourceVersionDate "2022.10.05"]
[SourceQuality "1"]
[WhiteTeam "Russia"]
[BlackTeam "Austria"]
[WhiteTeamCountry "RUS"]
[BlackTeamCountry "AUT"]

1. e4 e6 2. d4 d5 3. Nd2 c5 4. exd5 Qxd5 5. Ngf3 cxd4 6. Bc4 Qd8 7. 0-0 a6 8. Nb3 Nc6 9. Nbxd4 Nxd4 10. Nxd4 Qc7 11. Bb3 Bd6 12. h3 Ne7 13. c3 0-0 14. Be3 Bd7 15. f4 Rad8 16. Qe2 Rfe8 17. Qf2 Nf5 18. Nxf5 exf5 19. Bb6 Qc6 20. Rad1 Bc7 21. Bd4 Be6 22. Qg3 g6 23. Rfe1 Bxb3 24. axb3 Rxe1+ 25. Rxe1 Bb6 26. Qe3 Bxd4 27. cxd4 Qd5 28. Rd1 h5 29. Rd2 Qb5 30. Re2 Qd7 31. Rd2 Re8 32. Qf3 Re4 33. d5 Qd6 34. Qc3 Qxf4 35. Rd1 Re2 36. Qf3 Qxf3 37. gxf3 Kf8 38. d6 Ke8 39. Rc1 Rxb2 40. Rc8+ Kd7 41. Rc7+ Kxd6 42. Rxb7 Ke5 43. Rb6 Kf4 44. Rxa6 Rxb3 45. Rf6 Kg3 0-1

[Event "EU-ch Hybrid U16"]
[Site "Tornelo INT"]
[Date "2021.10.15"]
[Round "5"]
[White "Pham, Khoi"]
[Black "Matushchak, Nikita"]
[Result "0-1"]
[WhiteElo "2170"]
[BlackElo "1933"]
[PlyCount "52"]
[EventDate "2021.10.15"]
[EventType "swiss"]
[EventRounds "9"]
[EventCountry "NET"]
[SourceTitle "EXT 2023"]
[Source "ChessBase"]
[SourceDate "2022.10.05"]
[SourceVersion "1"]
[SourceVersionDate "2022.10.05"]
[SourceQuality "1"]
[WhiteTeam "Netherlands"]
[BlackTeam "Russia"]
[WhiteTeamCountry "NED"]
[BlackTeamCountry "RUS"]

1. d4 Nf6 2. c4 e6 3. Nc3 Bb4 4. Qc2 0-0 5. e4 d5 6. e5 Ne4 7. Bd3 c5 8. Nf3 Nc6 9. 0-0 Bxc3 10. bxc3 cxd4 11. Ba3 Re8 12. cxd4 f5 13. exf6 Nxf6 14. Ng5 Ne4 15. Nxe4 Nxd4 16. Qd1 dxe4 17. Bxe4 e5 18. f4 exf4 19. Rxf4 Ne2+ 20. Qxe2 Qd4+ 21. Kf1 Qxa1+ 22. Kf2 Qd4+ 23. Kg3 Qc3+ 24. Kh4 g5+ 25. Kh5 gxf4 26. Bd5+ Kg7 0-1

[Event "RUS-chT U14 final"]
[Site "Sochi"]
[Date "2019.05.02"]
[Round "2.1"]
[White "Matushchak, Nikita"]
[Black "Mikheeva, Galina"]
[Result "1/2-1/2"]
[WhiteElo "1972"]
[BlackElo "1849"]
[PlyCount "94"]
[EventDate "2019.05.01"]
[EventType "team-tourn"]
[EventRounds "9"]
[EventCountry "RUS"]
[SourceTitle "CBM 190 Extra"]
[Source "ChessBase"]
[SourceDate "2019.07.15"]
[SourceVersion "1"]
[SourceVersionDate "2019.07.15"]
[SourceQuality "1"]

1. e4 e5 2. Nf3 Nc6 3. d4 exd4 4. Nxd4 Nf6 5. Nxc6 bxc6 6. Bd3 d5 7. exd5 cxd5 8. 0-0 Be7 9. Bb5+ Bd7 10. Bxd7+ Qxd7 11. Bg5 0-0 12. Qd3 Rab8 13. Nd2 c5 14. b3 Rfd8 15. Rfe1 Rb7 16. Rad1 h6 17. Bh4 Rb6 18. Nf3 Qb7 19. Re5 Rbd6 20. Rde1 Bf8 21. Rf5 Qa6 22. Qd1 g6 23. Bxf6 Rxf6 24. Rxd5 Rxd5 25. Qxd5 Qxa2 26. Qc4 Qa6 27. Qd5 Qc6 28. Qd2 Qd6 29. Qc3 Re6 30. Rf1 Bg7 31. Qc4 Kh7 32. h3 f5 33. Ne1 Re4 34. Qf7 Qd2 35. Nf3 Qxc2 36. Qxa7 Qxb3 37. Nd2 Qa4 38. Qxc5 Re2 39. Nf3 Qc2 40. Qa7 Qa2 41. Qb7 Qb2 42. Qc6 Rc2 43. Qd6 Rc1 44. Rxc1 Qxc1+ 45. Kh2 Qb2 46. Qc5 Qc3 47. Qa7 Qf6 1/2-1/2